Statistics for Biggest Cities in Japan

Click here to take the quiz!

General Stats

  • This quiz has been taken 42,485 times
    (27,341 since last reset)
  • The average score is 8 of 20

Answer Stats

PopulationCity% Correct
9,555,919Tokyo
100%
2,725,006Osaka
91%
1,468,980Kyoto
84%
1,199,252Hiroshima
80%
1,966,416Sapporo
68%
3,740,172Yokohama
62%
2,320,361Nagoya
61%
1,527,407Kobe
50%
1,579,450Fukuoka
41%
1,088,669Sendai
32%
1,516,483Kawasaki
22%
977,247Chiba
22%
1,295,607Saitama
19%
800,582Niigata
19%
945,595Kitakyushu
16%
739,556Kumamoto
15%
721,329Okayama
14%
794,025Hamamatsu
12%
831,017Sakai
8%
723,012Sagamihara
7%

Score Distribution

Percentile by Number Answered

Percent of People with Each Score

Your Score History

You have not taken this quiz since the last reset